Kompetenciafejlesztés a 21. században (értékteremtés és megújulás)

Bibliographic Details
Main Author: Vass, Vilmos (Author)
Format: Book
Language:Hungarian
PhysicalDescription:88 strán 20 cm
Published: Komárom Selye János Egyetem 2017
ISBN:9788081222320
Edition:Első kiadás
Subjects:

MARC

LEADER 00000nam a2200000 4500
001 vtls011750769
003 SK-MaSNL
005 20260301183052.0
008 200104s2017 xo e np 000 0 hun
015 |a SNBA2018/06 
020 |a 9788081222320  |q (brožované) 
035 |a urn:nbn:sk:snk-am00d3sy 
035 |a urn:nbn:sk:snk-am3hkq4 
035 |a 5B4B03E9-184F-4B67-9DC0-CA7162BBE563 
040 |a SNK  |b slo  |c SNK  |e rda 
041 0 |a hun 
044 |a xo  |c SK 
080 |a 37  |x Výchova a vzdelávanie  |2 konspekt 
080 |a 37.03  |2 2011 
080 |a (075.8)  |2 2011 
080 |a 37.016  |x Učebné osnovy. Vyučovacie predmety. Učebnice  |2 konspekt 
100 1 |a Vass, Vilmos  |4 aut  |9 429747 
245 1 0 |a Kompetenciafejlesztés a 21. században  |b (értékteremtés és megújulás)  |c Vass Vilmos 
250 |a Első kiadás 
264 1 |a Komárom  |b Selye János Egyetem  |c 2017 
300 |a 88 strán  |c 20 cm 
336 |a text  |b txt  |2 rdacontent 
337 |a bez média  |b n  |2 rdamedia 
338 |a zväzok  |b nc  |2 rdacarrier 
366 |e 200 kusov 
504 |a Bibliografické odkazy 
650 0 7 |a kľúčové kompetencie  |2 SNKPH  |9 67544 
650 0 7 |a Key competences  |2 SNKPHeng  |9 270153 
655 7 |a učebnice vysokých škôl  |2 SNKPH  |9 70191 
655 7 |a Textbooks (higher)  |2 SNKPHeng  |9 276436 
752 |a Slovensko  |d Komárno 
919 |a 978-80-8122-232-0 
958 |a NB 
958 |a HU 
999 |c 855760  |d 857690 
952 |a SNK  |b SNK  |y PREZ  |7 0  |p 17A1329571  |o snkSD 87178  |i snk2018/8466  |8 0  |0 0  |1 0  |4 0  |d 2018-04-13  |f 1  |l 0  |r 2026-02-24 04:55:46  |w 2026-02-24 
952 |a SNK  |b SNK  |y VYP  |7 0  |p 17A1329572  |o snkSD 87178 D1  |i snk2018/8469  |8 0  |0 0  |1 0  |4 0  |d 2018-04-13  |l 0  |r 2026-02-24 04:55:46  |w 2026-02-24